00658nam a22002177i 4500001001000000003000900010005001700019007000300036008004100039040003000080082002400110100003400134245006200168264004800230300002700278336002600305337003300331338002800364650002200392650002600414000032418DO-SdBNP20240312134835.0ta110718s1931 dr 000 0 spa d aDO-SdBNPbspacBNPHUerda 4aRD863.42bL864h2221 aLopéz Penha, Haim H.4autor10aHidalguía antillana :bnovela /cHaim H. Lopéz Penha. 2aBarcelona :bCasa Editorial Araluce,c1931. a76 páginas ;c24 cm. atextobtxt2rdaconten asin mediaciónbn2rdamedia avolumenbnc2rdacarrier 4aNovela española 4aLiteratura española